Statistics for Countries Closest to Georgia

Click here to take the quiz!

General Stats

  • This quiz has been taken 339 times
    (288 since last reset)
  • The average score is 19 of 21

Answer Stats

HintAnswer% Correct
0kmArmenia
99%
0kmRussia
99%
0kmTurkey
99%
162kmIran
98%
422kmIraq
97%
0kmAzerbaijan
96%
337kmUkraine
96%
920kmBulgaria
90%
842kmRomania
90%
442kmSyria
90%
1056kmIsrael
89%
480kmTurkmenistan
89%
1117kmGreece
88%
843kmMoldova
87%
1060kmSaudi Arabia
85%
775kmUzbekistan
85%
430kmKazakhstan
81%
900kmLebanon
80%
966kmJordan
79%
883kmCyprus
78%
1116kmBelarus
76%

Score Distribution

Percentile by Number Answered

Percent of People with Each Score

Your Score History

You have not taken this quiz since the last reset